|
|
|
|
| LEADER |
00640nta a2200169 i 4500 |
| 001 |
dipl52177 |
| 005 |
20150626094512.0 |
| 008 |
150626s2014 hu om 0|| zxx d |
| 040 |
|
|
|a SZTE Diploma Repozitórium
|b hun
|
| 041 |
|
|
|a zxx
|
| 100 |
1 |
|
|a Gránicz Attila
|
| 245 |
1 |
2 |
|a A magyar nemzettudat és nacionalizmus
|h [elektronikus dokumentum] /
|c Attila Gránicz
|
| 246 |
1 |
0 |
|a The Hungarian identity and nacionalizm
|h [elektronikus dokumentum]
|
| 260 |
|
|
|c 2014
|
| 650 |
|
4 |
|a Bölcsészettudományok
|
| 700 |
1 |
|
|a Balog Iván
|e ths
|
| 856 |
4 |
0 |
|u http://diploma.bibl.u-szeged.hu/id/eprint/52177/1/2013_Gr%C3%A1nicz_Attila_GRAPAAM_SZE_SZ.pdf
|z Dokumentum-elérés
|